Escola d'Infermeres de Barcelona
Descripción Física:
[2] f. ; 27 cm
MARC
| LEADER | 00000nam a2200000Ia 4500 | ||
|---|---|---|---|
| 001 | 19546 | ||
| 003 | BGR | ||
| 005 | 20260410113638.0 | ||
| 008 | 160829s1933 xx 000 0 cat d | ||
| 080 | |a RF-6-23 | ||
| 110 | 2 | |a Escola d'Infermeres de Barcelona |9 70780 | |
| 245 | |a Escola d'Infermeres de Barcelona | ||
| 260 | |a Barcelona : |b Generalitat de Catalunya. Departament de Cultura, |c 1933 | ||
| 300 | |a [2] f. ; |c 27 cm | ||
| 590 | |a Prové de 4170, exp. 115. | ||
| 590 | |a Se li adjunta un duplicat | ||
| 610 | 2 | 0 | |a Escola d'Infermeres Auxiliars de Medicina |9 70779 |
| 710 | 2 | |a Catalunya. |b Departament de Cultura |9 52819 | |
| 856 | 4 | |u https://media.diba.cat/diba/fitxers/arxiu/fulletons/bib_19546_1933_baixa.pdf |y Accés lliure | |
| 856 | 4 | |u https://media.diba.cat/diba/fitxers/arxiu/fulletons/bib_19546_1933_baixa.pdf |y Accés lliure | |
| 866 | |a Curs 1933 - 34 | ||
| 900 | |a bib_19546_1933_baixa.pdf | ||
| 900 | |a bib_19547_1933_baixa.pdf | ||
| 901 | |a Arxiu | ||
| 942 | |n 1 |2 udc |c MON | ||
| 952 | |0 0 |1 0 |4 0 |6 RF623 |7 1 |9 53379 |a Arxiu |b Arxiu |d 2016-12-01 |l 0 |o RF-6-23 |p 19546 |r 2016-12-01 00:00:00 |w 2016-12-01 |y ARXIU | ||
| 999 | |c 57244 |d 57244 | ||